Score 0/18 Timer 06:00
0 Plays Today
Anagram/Year Published Novel % Correct
Sly uses (1922)Ulysses
84.1%
Padre can awe (1869)War and Peace
63%
Crapped. Injured. Die (1813)Pride and Prejudice
62.7%
My kid Cob (1851)Moby Dick
56.3%
On run -only comforted (2005)No Country for Old Men
56.2%
Novel of Baker St sleuth, he hid (1902)The Hound of the Baskervilles
50.7%
Acid end (1759)Candide
43.4%
No shade - hat lamented (1952)The Old Man and the Sea
39%
Let tattlers cheer! (1850)The Scarlet Letter
33%
Anagram/Year Published Novel % Correct
A nasty, arrogant photo. A true misfit (1916)Portrait of the Artist as a Young Man
29.1%
Age turn face horrid? O, pity! (1890)The Picture of Dorian Gray
24.4%
Orb connoisseur (1719)Robinson Crusoe
21.5%
I enlighten the past (1992)The English Patient
17.5%
A deeded, heftily sonorous run (1967)One Hundred Years of Solitude
10.9%
Oh! The randy royal dudes wing it (1873)Around the World in Eighty Days
9.6%
Oasis, saga, reweds (1966)Wide Sargasso Sea
7.2%
A macaroni stapler (1997)American Pastoral
5.6%
Mind glitch hinders (1981)Midnight's Children
1%
Remove Ads.
Support Sporcle.
Get the best of Sporcle when you Go Orange. This ad-free experience offers more features, more stats, and more fun while also helping to support Sporcle. Thank you for becoming a member.

You're not logged in!

Compare scores with friends on all Sporcle quizzes.
OR
Log In

Show Comments

Extras

Top Quizzes Today


Score Distribution

Your Account Isn't Verified!

In order to create a playlist on Sporcle, you need to verify the email address you used during registration. Go to your Sporcle Settings to finish the process.

Report this User

Report this user for behavior that violates our Community Guidelines.

Details: